|
|
|
|
| LEADER |
00000nab a2200000 a 4500 |
| 001 |
vtls001512559 |
| 003 |
SK-MaSNL |
| 005 |
20260304145747.0 |
| 008 |
250505s2003 xo 000 0 slo |
| 035 |
|
|
|a SPKCL14886
|
| 035 |
|
|
|a urn:nbn:sk:snk-abumx
|
| 035 |
|
|
|a (urnnbn)urn:nbn:sk:snk:ar-a057hn
|
| 035 |
|
|
|a (uuid)d5c8e042-3f44-46ea-bcd5-5e40cc6b7623
|
| 040 |
|
|
|a SNKBUCL
|b slo
|c SNKBUCL
|e AACR2
|
| 041 |
0 |
|
|a slo
|
| 044 |
|
|
|a xo
|c SK
|
| 080 |
|
|
|a 372.878:371.13
|2 1981
|
| 100 |
1 |
|
|a Slavíková, Marie
|4 aut
|9 926198
|
| 245 |
1 |
0 |
|a Hlasová výchova v integrativním pojetí
|c Marie Slavíková
|
| 650 |
0 |
7 |
|a hudobná výchova
|2 snkbucl
|9 1662
|
| 650 |
0 |
7 |
|a spev
|2 snkbucl
|9 3420
|
| 650 |
0 |
7 |
|a vzdelávanie učiteľov
|2 snkbucl
|9 4031
|
| 650 |
0 |
7 |
|a základné školy
|2 snkbucl
|9 1280
|
| 773 |
0 |
|
|t Múzy v škole
|g Roč. 8, č. 1 (2003), s. 21-23
|
| 850 |
|
|
|a Slovenská národná knižnica
|
| 852 |
|
|
|a Slovenská národná knižnica
|
| 954 |
|
|
|a odborná, vedecká literatúra pôvodná (slovenská)
|2 lita
|
| 958 |
|
|
|a article27
|
| 958 |
|
|
|a OND
|
| 958 |
|
|
|a EUIPO
|
| 999 |
|
|
|c 2936749
|d 2938679
|